مكتبة جامعة عجلون الوطنية

فهرس بحث المكتبة

إرادة الله: رواية تاريخية عادات شرقية معاصرة وفظائع الاستبداد التركي في فلسطين / (Record no. 24939)

MARC details
000 -LEADER
fixed length control field 01057nam a2200253Ii 4500
003 - CONTROL NUMBER IDENTIFIER
control field JO-AjNU
005 - DATE AND TIME OF LATEST TRANSACTION
control field 20250722115638.0
008 - FIXED-LENGTH DATA ELEMENTS--GENERAL INFORMATION
fixed length control field 230605s9999||||xx |||||||||||||| ||und||
017 ## - COPYRIGHT OR LEGAL DEPOSIT NUMBER
Copyright or legal deposit number 2012/12/4645
020 ## - INTERNATIONAL STANDARD BOOK NUMBER
International Standard Book Number 978-9957-94-019-5
040 ## - CATALOGING SOURCE
Original cataloging agency JO-AjNU
Language of cataloging ara
Description conventions rda
Transcribing agency JO-AjNU
041 ## - LANGUAGE CODE
Language code of text/sound track or separate title ara
050 14 - LIBRARY OF CONGRESS CALL NUMBER
Classification number PQ6138 2013
100 3# - MAIN ENTRY--PERSONAL NAME
Personal name أبو الشعر، عقيل؛ ترجمة عدنان عبد الحميد كاظم,
Relator term author
9 (RLIN) 48752
245 00 - TITLE STATEMENT
Title إرادة الله: رواية تاريخية عادات شرقية معاصرة وفظائع الاستبداد التركي في فلسطين /
Statement of responsibility, etc. تأليف عقيل ابو الشعر؛ ترجمة وملاحظات عدنان عبدالحميد كاظم
264 31 - PRODUCTION, PUBLICATION, DISTRIBUTION, MANUFACTURE, AND COPYRIGHT NOTICE
Place of production, publication, distribution, manufacture عمان: وزارة الثقافة، 2013
300 ## - PHYSICAL DESCRIPTION
Extent 264ص
336 ## - CONTENT TYPE
Content type term text
Content type code txt
Source rdacontent
337 ## - MEDIA TYPE
Media type term unmediated
Media type code n
Source rdamedia
338 ## - CARRIER TYPE
Carrier type term volume
Carrier type code nc
Source rdacarrier
490 0# - SERIES STATEMENT
Series statement مكتبة الاسرة الاردنية / مهرجان القراءة للجميع
650 #4 - SUBJECT ADDED ENTRY--TOPICAL TERM
Topical term or geographic name entry element الادب -
9 (RLIN) 48753
942 ## - ADDED ENTRY ELEMENTS (KOHA)
Source of classification or shelving scheme Library of Congress Classification
Koha item type Books
Holdings
Withdrawn status Lost status Source of classification or shelving scheme Damaged status Not for loan Home library Current library Shelving location Date acquired Total Checkouts Full call number Barcode Date last seen Price effective from Koha item type
    Library of Congress Classification     مكتبة جامعة عجلون الوطنية مكتبة جامعة عجلون الوطنية المجموعات العامة 06/06/2023   PJ7577.A2812 2013 A21371 06/06/2023 06/06/2023 Books